Lyrics to 'Acuérdate De Mí' by Morat - Statistics

General Stats
  • This quiz has been taken 43 times
  • The average score is 400 of 411
Answer Stats
Answer % Correct
a
100%
accidental
100%
Acuérdate
100%
adentro
100%
al
100%
algún
100%
ante
100%
arriesgarme
100%
beso
100%
bien
100%
busca
100%
Busco
100%
cabeza
100%
certeza
100%
cómo
100%
con
100%
confesarte
100%
convencerte
100%
corazón
100%
De
100%
de
100%
decir
100%
den
100%
discreto
100%
dormir
100%
dueño
100%
en
100%
está
100%
ganas
100%
ha
100%
hablar
100%
hablarte
100%
he
100%
igual
100%
ir
100%
la
100%
las
100%
lo
100%
maldición
100%
más
100%
mi
100%
100%
miro
100%
muy
100%
no
100%
noches
100%
nunca
100%
Nunca
100%
O
100%
para
100%
Para
100%
parezca
100%
perderte
100%
perdiendo
100%
Perdón
100%
Pero
100%
pero
100%
piel
100%
pies
100%
Por
100%
por
100%
Porque
100%
pretexto
100%
primero
100%
que
100%
Que
100%
quieras
100%
quieres
100%
Quiero
100%
quiero
100%
recuerdo
100%
sabido
100%
se
100%
100%
Si
100%
si
100%
siempre
100%
siento
100%
soy
100%
sueño
100%
tal
100%
te
100%
tengo
100%
Tengo
100%
ti
100%
tu
100%
100%
tus
100%
un
100%
vas
100%
verte
100%
vez
100%
vive
100%
y
100%
yo
100%
Yo
100%
yo?
100%
acercarme
83%
acordé
83%
acorde
83%
alguien
83%
amor
83%
aprender
83%
besos
83%
cabo
83%
caído
83%
cerca
83%
coraje
83%
Cuando
83%
cuenta
83%
del
83%
dio
83%
¿Dónde
83%
el
83%
enamorado
83%
estado
83%
estás
83%
estuve
83%
fin
83%
guardado
83%
guerras
83%
haya
83%
honesto
83%
intentar
83%
lado
83%
me
83%
mil
83%
olvidado
83%
olvidarte
83%
partes
83%
pasado
83%
pude
83%
quedo
83%
quise
83%
sale
83%
ser
83%
sido
83%
soldado
83%
todas
83%
todo
83%
usaré
83%
Vivo
83%
ya
83%
Aunque
67%
falta
67%
hace
67%
No matching quizzes found
Score Distribution
Percent of People with Each Score
Percentile by Number Answered
Your Score History
You have not taken this quiz